| 000 | 00631nam a2200229Ia 4500 | ||
|---|---|---|---|
| 003 | OSt | ||
| 005 | 20250708194727.0 | ||
| 008 | 210423s2007 xx 000 0 und d | ||
| 020 | _a9780803954632 | ||
| 040 | _cAL | ||
| 041 | _aEnglish | ||
| 082 |
_a070.195 _bSTRW |
||
| 100 |
_aJoseph D Straubhaar _988899 |
||
| 245 | _aWorld television: from global to local | ||
| 260 |
_aLos Angeles _bSage Publications _c2007 |
||
| 300 |
_axvi,2295p. _bPB _c22x15cm. |
||
| 365 |
_b2201 _cINR |
||
| 650 |
_aJournalism & Media _988900 |
||
| 650 |
_aMass Media _988901 |
||
| 906 | _aglobal ; local. ; television: ; World | ||
| 942 |
_2ddc _cBK |
||
| 999 |
_c159384 _d159384 |
||